01361 a2200325 4500240008400000502006500084260001800149653003900167100003200206041000800238260001200246300002500258245010700283650001200390650001100402650002400413650002200437650002900459650002900488260002300517300001000540130000800550710008900558040001400647651001000661041001200671653003900683651001200722520030100734 aAnalysis of the dietary vitamin A intake of children aged 1 to 5 years at Dogbo aThèse pour l'obtention du Diplôme d'Ingénieur Agronome aAbomey-Calavi1 aNutrition et Sciences Alimentaires aNAGO, Houéfa Eunice Sorel bFr. bFSA/UAC axiii-65 p. + annexes aAnalyse de l'apport alimentaire en vitamine A chez les enfants de 1 à 5 ans dans la commune de Dogbo aRetinol aEnfant aBesoin nutritionnel aEtat nutritionnel aComplément alimentaire aConsommation alimentaire c18 décembre 2003 b29 cm lFr. aAbomey-Calavi, Université d'Abomey-Calavi, Faculté des Sciences Agronomiques, Bj aSupport  aDogbo bFr.%En. 1aNutrition et Sciences Alimentaires aBénin aLa carence en vitamine A constitue un véritable problème de santé publique au Bénin chez les enfants en âge préscolaire. Le moyen de lutte dans notre pays est la supplémentation ou administration de vitamine A sous forme médicamenteuse aux personnes affectées ou à risques...